झरोके यादों के (Record no. 10857)

MARC details
000 -LEADER
fixed length control field 00485nam a2200157Ia 4500
008 - FIXED-LENGTH DATA ELEMENTS--GENERAL INFORMATION
fixed length control field 230917s9999||||xx |||||||||||||| ||und||
020 ## - ISBN
Price ₹ 250.00
040 ## - CATALOGING SOURCE
-- 5016578
Original cataloging agency VIVEKANANDA LIBRARY
041 ## - Language
-- English
082 ## - DDC NUMBER
Classification number 891.431731 CR392J
100 ## - MAIN ENTRY--PERSONAL NAME
Personal name चांदना , रूप नारायण
245 #0 - TITLE STATEMENT
Title झरोके यादों के
260 ## - PUBLICATION, DISTRIBUTION, ETC. (IMPRINT)
Place of publication, distribution, etc करनाल
Name of publisher, distributor, etc रूप नारायण चांदना 'रूप'
Date of publication, distribution, etc 2017
300 ## - PHYSICAL DESCRIPTION
Pages 144 p.
942 ## - ADDED ENTRY ELEMENTS (KOHA)
Koha item type Books
Holdings
Withdrawn status Lost status Damaged status Not for loan Location (home branch) Sublocation or collection (holding branch) Date acquired Koha issues (times borrowed) Koha full call number Accession No. Koha date last seen Koha item type
        VIVEKANANDA LIBRARY VIVEKANANDA LIBRARY 21/07/2023 1 891.431731 CR392J 313914 20/11/2024 Books
© Designed and Maintained by Vivekananda Library, MDU Rohtak